|
|
|
|
| LEADER |
00684nam a2200217 a 4500 |
| 001 |
000489802 |
| 003 |
CZ BrMZK |
| 005 |
20070802131133.0 |
| 007 |
ta |
| 008 |
920108s1991 xr f 000 m cze d |
| 020 |
|
|
|a 80-7088-046-5
|q (Brož.)
|
| 040 |
|
|
|a BOA001
|b cze
|
| 080 |
9 |
|
|a 885.0-31
|2 MRF
|
| 100 |
1 |
|
|a Drnek, Jan,
|d 1960-
|7 xx0004343
|4 aut
|
| 245 |
1 |
0 |
|a Ideal Army Blues /
|c Jan Drnek ; obálka a graf. úprava Petr Langmeier
|
| 250 |
|
|
|a 1. vyd.
|
| 260 |
|
|
|a Plzeň :
|b Západočeské nakladatelství,
|c 1991
|
| 300 |
|
|
|a 201 s. ;
|c 17 cm
|
| 910 |
|
|
|a BOA001
|b 1-0973.811
|
| 990 |
|
|
|a BK
|
| 996 |
6 |
|
|b 2619742719
|c 1-0973.811
|l MZK
|r Sklad / do 1 hodiny
|n 7
|w 000489802
|u 000010
|a 1
|e BOA001
|j MZK50
|s P
|